Real colección de estampas de San Lorenzo de El Escorial / (Record no. 16387)

MARC details
000 -LEADER
campo de control de longitud fija 00791nam a2200229 i 4500
001 - NÚMERO DE CONTROL
campo de control 16387
003 - IDENTIFICADOR DE NÚMERO DE CONTROL
campo de control ES-MaACL
005 - FECHA Y HORA DE LA ÚLTIMA TRANSACCIÓN
campo de control 20230906151316.0
007 - CAMPO FIJO DE DESCRIPCIÓN FÍSICA--INFORMACIÓN GENERAL
campo de control de longitud fija t|
008 - DATOS DE LONGITUD FIJA--INFORMACIÓN GENERAL
campo de control de longitud fija 000906s1994 sp a s001 0 spa d
020 ## - NÚMERO INTERNACIONAL ESTÁNDAR DEL LIBRO
Número Internacional Estándar del Libro 84-87563-17-1
080 ## - NÚMERO DE LA CLASIFICACIÓN DECIMAL UNIVERSAL
Número de la Clasificación Decimal Universal 017.1(460.27 Escorial)
080 ## - NÚMERO DE LA CLASIFICACIÓN DECIMAL UNIVERSAL
Número de la Clasificación Decimal Universal 016:76.034.5
245 00 - MENCIÓN DEL TÍTULO
Título Real colección de estampas de San Lorenzo de El Escorial /
Mención de responsabilidad, etc. edición de Jesús María González de Zárate.
260 ## - PUBLICACIÓN, DISTRIBUCIÓN, ETC.
Lugar de publicación, distribución, etc. Vitoria-Gasteiz :
Nombre del editor, distribuidor, etc. Ephialte ;
Lugar de publicación, distribución, etc. [Madrid] :
Nombre del editor, distribuidor, etc. Patrimonio Nacional,
Fecha de publicación, distribución, etc. 1994.
300 ## - DESCRIPCIÓN FÍSICA
Extensión 1 v. (212 p. :
Otras características físicas il.) ;
Dimensiones 34 cm.
505 1# - NOTA DE CONTENIDO CON FORMATO
Nota de contenido con formato V. 5: Gal-Gal
650 #4 - PUNTO DE ACCESO ADICIONAL DE MATERIA--TÉRMINO DE MATERIA
Término de materia o nombre geográfico como elemento de entrada Grabado-
Subdivisión geográfica Monasterio de El Escorial. Biblioteca.
9 (RLIN) 146589
700 1# - ENTRADA AGREGADA--NOMBRE PERSONAL
Nombre de persona González de Zárate, Jesús María.
9 (RLIN) 58577
710 2# - ENTRADA AGREGADA--NOMBRE DE ENTIDAD CORPORATIVA
Nombre de entidad corporativa o nombre de jurisdicción como elemento de entrada Monasterio de El Escorial.
9 (RLIN) 5729
852 ## - LOCALIZACIÓN
Ubicación ES-MaACL
Holdings
Estatus retirado Estado de pérdida Estado de daño No para préstamo Biblioteca de origen Biblioteca actual Ubicación en estantería Fecha de adquisición Fuente de adquisición Total de préstamos Código de barras Visto por última vez Precio de reemplazo Tipo de ítem Koha
        Biblioteca del Ateneo de Madrid Biblioteca del Ateneo de Madrid Depósito 17/01/2008     1016649 23/02/2023 23/02/2023 Libro impreso